横浜市?横浜町? - Statistics

General Stats
  • This quiz has been taken 89 times
  • The average score is 9 of 10
Answer Stats
Hint Explanation Answer % Correct
人口が全市町村の中で日本一 横浜市:約377万人
横浜町:約3800人
横浜市
99%
JR大湊線が通っている 横浜町
97%
日本や東南アジアで展開されているライブハウスの「Zepp」がある KT Zepp Yokohama が存在 横浜市
97%
「横浜なまこ」が特産品 横浜町
96%
面積が県内1位 横浜市
95%
国道1号が通っている 横浜市
92%
日本有数の菜の花畑がある 作付面積日本1位を獲得したこともある 横浜町
91%
人口は増加傾向に当たる 横浜市
90%
県指定無形民俗文化財がある 横浜町神楽が該当 横浜町
81%
隣接自治体が4つ 横浜町:むつ市、野辺地町、東通村、六ケ所村
横浜市:川崎市、藤沢市、大和市、横須賀市、鎌倉市、逗子市、町田市
横浜町
65%
No matching quizzes found
Score Distribution
Percent of People with Each Score
Percentile by Number Answered
Your Score History
You have not taken this quiz